书目信息 |
| 题名: |
国外集成光学
|
|
| 作者: | ;中国科学院上海冶金研究所 , 上海科学院技术情报研究所 编译 | |
| 分册: | ||
| 出版信息: | 上海 上海科学技术文献出版社 1979 |
|
| 页数: | 123页 | |
| 开本: | 19cm | |
| 丛书名: | ||
| 单 册: | ||
| 中图分类: | TN25 | |
| 科图分类: | ||
| 主题词: | 集成光学 | |
| 电子资源: | ||
| ISBN: | ||
| 000 | 00874nam0 2200229 45 | |
| 001 | 0179005919 | |
| 005 | 20060518152430.00 | |
| 010 | @dCNY1.00 | |
| 091 | @a15192.37 | |
| 100 | @a19950728d1979 em y0chiy0121 ea | |
| 101 | 1 | @achi |
| 102 | @aCN@b310000 | |
| 105 | @ay z 000yy | |
| 200 | 10 | @a国外集成光学@Aguo wai ji cheng guang xue@f中国科学院上海冶金研究所,上海科学院技术情报研究所编译@Fzhong guo ke xue yuan shang hai ye jin yan jiu suo,shang hai ke xue yuan ji shu qing bao yan jiu suo bian yi |
| 210 | @a上海@c上海科学技术文献出版社@d1979 | |
| 215 | @a123页@d19cm | |
| 606 | @a集成光学 | |
| 690 | @aTN25@v3 | |
| 711 | 02 | @a中国科学院上海冶金研究所@Azhong guo ke xue yuan shang hai ye jin yan jiu suo@4编译 |
| 711 | 02 | @a上海科学院技术情报研究所@Ashang hai ke xue yuan ji shu qing bao yan jiu suo@4编译 |
| 801 | 0 | @aCN@bTSSF@c20060518 |
| 905 | @a10447@dTN25@e11 | |
| 国外集成光学/中国科学院上海冶金研究所,上海科学院技术情报研究所编译.-上海:上海科学技术文献出版社,1979 |
| 123页;19cm |
| ISBN :CNY1.00 |
| ● |
| 相关链接 |
|
|
|
|
正题名:国外集成光学
索取号:TN25/11
 
预约/预借
| 序号 | 登录号 | 条形码 | 馆藏地/架位号 | 状态 | 备注 |
| 1 | 0026926 | 202358867 | 密集书库/ [索取号:TN25/11] | 在馆 | |
| 2 | 0026928 | 202358910 | 密集书库/ [索取号:TN25/11] | 在馆 |